Cargando...
Prasad granthavali. V1 /
| Autor principal: | |
|---|---|
| Formato: | Printed Book |
| Lenguaje: | Hindi |
| Publicado: |
Allahabad :
Lokbharathi ,
1986.
|
| Materias: |
| LEADER | 00482nam a2200145Ia 4500 | ||
|---|---|---|---|
| 008 | 150624b xxu||||| |||| 00| p hin d | ||
| 082 | |a 861.6108 | ||
| 100 | |a Jayasankar Prasad | ||
| 245 | |c Jayasankar Prasad |a Prasad granthavali. V1 / | ||
| 260 | |a Allahabad : |b Lokbharathi , |c 1986. | ||
| 546 | |a In Hindi. | ||
| 650 | |v Poetry | ||
| 942 | |c BK | ||
| 999 | |c 92518 |d 92518 | ||
| 952 | |0 0 |1 0 |4 2 |6 861_610800000000000_GRA_H |7 0 |9 92460 |a UL |b UL |c ST1 |d 1998-09-15 |o 861.6108 GRA H |p 67595 |r 2012-10-27 |w 2012-10-27 |y BK | ||